Musicians with a 2025 Billboard #1 Hit - Sudden Death - Statistics

General Stats
  • This quiz has been taken 195 times
  • The average score is 7 of 14
Answers on the Grid
Answers color-coded by a green-red scale on the quiz's grid according to % correct below.
Alex Warren
Audrey Nuna
Black Eyed Peas
Bruno Mars
BTS
Ejae
Katy Perry
Kendrick Lamar
Lady Gaga
Lizzo
Mariah Carey
Mia Ava
Morgan Wallen
Rei Ami
Sabrina Carpenter
Sia
SZA
Tate McRae
Taylor Swift
Tito
Travis Scott
 
Answer Stats
Answer % Correct
Taylor Swift
76%
Alex Warren
71%
Bruno Mars
69%
Kendrick Lamar
69%
Sabrina Carpenter
69%
Lady Gaga
63%
Tate McRae
53%
Travis Scott
48%
SZA
47%
Morgan Wallen
44%
Mariah Carey
41%
Ejae
19%
Audrey Nuna
16%
Rei Ami
15%
No matching quizzes found
Score Distribution
Percent of People with Each Score
Percentile by Number Answered
Your Score History
You have not taken this quiz